000 00572nam a2200193Ia 4500
005 20260120132113.0
008 008 260114s9999 xx 000 0 eng d
020 _a9780197720431
037 _aEBOOK
040 _aCRL
_beng
_cCRL
041 _aeng
_2eng
084 _qCRL
100 _aCushman
_9934982
245 0 _aRethinking the New Deal Court The Structure of a Constitutional Revolution
260 _bOxford University PressOxford University Press
_c2023
856 _uhttps://academic.oup.com/book/50584
942 _cEBOOK
999 _c1526905
_d1526905